[Event "CAN-ch"]
[Site "Montreal CAN"]
[Date "2017.06.28"]
[Round "3.12"]
[White "Marin, Sam"]
[Black "Bolduc, Steve"]
[Result "0-1"]
[WhiteElo "1921"]
[BlackElo "2198"]
[PlyCount "112"]
[GameId "2160767908410860"]
[EventDate "2017.06.27"]
[EventType "swiss"]
[EventRounds "9"]
[EventCountry "CAN"]

1. e4 Nf6 2. e5 Nd5 3. d4 Nb6 4. Nf3 d5 5. Bd3 Bg4 6. h3 Bxf3 7. Qxf3 e6 8. c3 c5 9. Be3 Nc6 10. O-O Qc7 11. Nd2 c4 12. Bc2 O-O-O 13. Qe2 f5 14. f4 Be7 15. Nf3 h6 16. b4 Rdg8 17. h4 Qd8 18. h5 Qe8 19. Nd2 g6 20. Rf3 gxh5 21. Rh3 Rg4 22. Bd1 Rhg8 23. Qf2 Qg6 24. Bxg4 fxg4 25. Rh1 h4 26. Nf1 Bd8 27. Bd2 h3 28. g3 Ne7 29. Ne3 Nf5 30. Nxf5 Qxf5 31. Rh2 h5 32. Be1 h4 33. Qc2 Qh5 34. a4 hxg3 35. Bxg3 Bh4 36. Qf2 Bxg3 37. Qxg3 Rd8 38. f5 Nd7 39. f6 Nf8 40. Rf2 Nh7 41. Kh2 Ng5 42. Rf4 Nf7 43. Rg1 Nh6 44. f7 Rf8 45. Rxg4 Nxg4+ 46. Qxg4 Qxf7 47. Qh4 Kd7 48. Qxh3 Qf4+ 49. Kh1 Qe4+ 50. Kh2 Rf7 51. Rg4 Qf5 52. Qg3 Qc2+ 53. Kh3 Qc1 54. Rg6 Qh1+ 55. Kg4 Qe4+ 56. Kg5 Rh7 0-1

[Event "CAN-ch"]
[Site "Montreal CAN"]
[Date "2017.06.28"]
[Round "4.8"]
[White "Bolduc, Steve"]
[Black "Yu, Zong Yang"]
[Result "0-1"]
[WhiteElo "2198"]
[BlackElo "2393"]
[PlyCount "80"]
[GameId "2160767908410869"]
[EventDate "2017.06.27"]
[EventType "swiss"]
[EventRounds "9"]
[EventCountry "CAN"]

1. d4 Nf6 2. Bg5 Ne4 3. Bf4 d5 4. e3 c5 5. Bd3 Nf6 6. dxc5 Nc6 7. Nf3 Bg4 8. Be2 e6 9. O-O Bxc5 10. c4 dxc4 11. Qa4 O-O 12. Qxc4 Be7 13. Nc3 Qb6 14. Qb5 Qxb5 15. Bxb5 Bxf3 16. gxf3 Rac8 17. Rfd1 a6 18. Ba4 b5 19. Bb3 Rfd8 20. Rxd8+ Rxd8 21. Rd1 Rc8 22. e4 Kf8 23. Kf1 Na5 24. Ke2 Ke8 25. Bd6 Rc6 26. Bxe7 Kxe7 27. Ke3 Nd7 28. Ne2 Ne5 29. Nd4 Rd6 30. Ke2 g5 31. h4 h6 32. h5 Nd7 33. Bc2 Nc4 34. f4 gxf4 35. Kf3 Nxb2 36. Rd2 Nc4 37. Rd1 Kf6 38. e5+ Kxe5 39. Nc6+ Rxc6 40. Rxd7 Nb6 0-1

[Event "CAN-ch"]
[Site "Montreal CAN"]
[Date "2017.06.29"]
[Round "5.9"]
[White "Bolduc, Steve"]
[Black "Oussedik, Elias"]
[Result "1/2-1/2"]
[WhiteElo "2198"]
[BlackElo "2155"]
[PlyCount "104"]
[GameId "2160767908410885"]
[EventDate "2017.06.27"]
[EventType "swiss"]
[EventRounds "9"]
[EventCountry "CAN"]

1. d4 e6 2. e4 d5 3. Nc3 Nf6 4. e5 Nfd7 5. f4 c5 6. Nf3 Nc6 7. Be3 cxd4 8. Nxd4 Bc5 9. Qd2 a6 10. O-O-O O-O 11. Qf2 Bxd4 12. Bxd4 b5 13. Bd3 b4 14. Ne2 a5 15. Kb1 Ba6 16. Bxa6 Rxa6 17. Rd3 Nxd4 18. Qxd4 Rc6 19. Rh3 Rc4 20. Qd3 f5 21. exf6 Nxf6 22. g4 Qb6 23. f5 Rxg4 24. fxe6 Qxe6 25. Ng3 Rf4 26. Nh5 Rf5 27. Nxf6+ Qxf6 28. Rd1 Kh8 29. a3 h6 30. axb4 axb4 31. Qb5 Qd6 32. Rhd3 d4 33. Qc4 Ra5 34. Rxd4 Rfa8 35. Qc8+ Rxc8 36. Rxd6 Rc4 37. R6d4 Rac5 38. R1d2 g5 39. b3 Rxd4 40. Rxd4 Rb5 41. c4 bxc3 42. Kc2 Kg7 43. Kxc3 h5 44. Kc4 Rf5 45. Rd2 g4 46. b4 Kf6 47. b5 h4 48. b6 Kg5 49. b7 Rf8 50. Kc5 g3 51. hxg3 hxg3 52. Kc6 Rb8 1/2-1/2

[Event "Montreal CC-ch"]
[Site "Montreal CAN"]
[Date "2017.06.09"]
[Round "1.5"]
[White "Larbi Bouamrane, Mehdi"]
[Black "Bolduc, Steve"]
[Result "0-1"]
[WhiteElo "1513"]
[BlackElo "2272"]
[PlyCount "84"]
[GameId "2160767908411171"]
[EventDate "2017.06.09"]
[EventType "swiss"]
[EventRounds "5"]
[EventCountry "CAN"]
[SourceTitle "EXT 2022"]
[Source "ChessBase"]
[SourceDate "2021.10.06"]
[SourceVersion "1"]
[SourceVersionDate "2021.10.06"]
[SourceQuality "1"]

1. e4 Nf6 2. Nc3 e5 3. Bc4 Nc6 4. d3 Na5 5. a3 Nxc4 6. dxc4 d6 7. Bg5 h6 8. Bh4 Be7 9. Nf3 Be6 10. Qe2 c6 11. h3 g5 12. Bg3 Nh5 13. O-O-O Nxg3 14. fxg3 Qb6 15. g4 O-O-O 16. Rhf1 Rhe8 17. Nd2 Qa6 18. Rf3 Bf8 19. Na2 d5 20. exd5 cxd5 21. Rc3 d4 22. Rb3 e4 23. Nb4 Bxb4 24. Rxb4 f5 25. gxf5 Bxf5 26. Nb3 d3 27. Qf2 Bg6 28. Nc5 e3 29. Qf3 d2+ 30. Kb1 Qc6 31. Qg4+ Kb8 32. Nxb7 Qxb7 33. Rxb7+ Kxb7 34. Qf3+ Be4 35. Qe2 Kb8 36. b3 Bxg2 37. c5 Bf3 38. Qxf3 e2 39. Qg3+ Kc8 40. Qg4+ Rd7 41. c6 exd1=Q+ 42. Qxd1 Re1 0-1

[Event "Montreal CC-ch"]
[Site "Montreal CAN"]
[Date "2017.06.10"]
[Round "2.5"]
[White "Bolduc, Steve"]
[Black "Chang, Alexander"]
[Result "1-0"]
[WhiteElo "2272"]
[BlackElo "1805"]
[PlyCount "67"]
[GameId "2160767908411183"]
[EventDate "2017.06.09"]
[EventType "swiss"]
[EventRounds "5"]
[EventCountry "CAN"]
[SourceTitle "EXT 2022"]
[Source "ChessBase"]
[SourceDate "2021.10.06"]
[SourceVersion "1"]
[SourceVersionDate "2021.10.06"]
[SourceQuality "1"]

1. d4 d5 2. Bg5 Bf5 3. Nf3 Nd7 4. e3 Ngf6 5. Nh4 Bg4 6. f3 Bh5 7. g4 Bg6 8. Nxg6 hxg6 9. Nc3 e6 10. Qd2 Be7 11. a3 c5 12. O-O-O c4 13. e4 O-O 14. h4 dxe4 15. fxe4 Nxg4 16. Bxc4 e5 17. Nd5 Bf6 18. Rdg1 exd4 19. Rxg4 Ne5 20. Be2 Nxg4 21. Bxg4 Re8 22. Bf3 Bxg5 23. hxg5 Re5 24. Nf6+ gxf6 25. Qh2 Kf8 26. Qh8+ Ke7 27. Qxf6+ Kd7 28. Qxe5 Kc6 29. Rd1 Qd6 30. Qxd4 Qxd4 31. Rxd4 Rh8 32. e5+ Kc7 33. Rf4 Rh7 34. Bd5 1-0

[Event "Montreal CC-ch"]
[Site "Montreal CAN"]
[Date "2017.06.10"]
[Round "3.5"]
[White "Jacquet, Stephane"]
[Black "Bolduc, Steve"]
[Result "0-1"]
[WhiteElo "2053"]
[BlackElo "2272"]
[PlyCount "116"]
[GameId "2160767908411195"]
[EventDate "2017.06.09"]
[EventType "swiss"]
[EventRounds "5"]
[EventCountry "CAN"]
[SourceTitle "EXT 2022"]
[Source "ChessBase"]
[SourceDate "2021.10.06"]
[SourceVersion "1"]
[SourceVersionDate "2021.10.06"]
[SourceQuality "1"]

1. d4 Nf6 2. c4 e6 3. Nf3 b6 4. Nc3 Bb4 5. e3 O-O 6. Bd3 d5 7. cxd5 exd5 8. Ne5 Bb7 9. O-O Nbd7 10. f4 a6 11. Bd2 Bd6 12. Rc1 c5 13. Qf3 Qe7 14. Be1 Kh8 15. Bh4 Qe6 16. Bg5 Ne4 17. Nxd7 Nxg5 18. Qg3 Qxd7 19. Qxg5 f5 20. Rf3 Be7 21. Qh5 g6 22. Qh6 Bf6 23. Ne2 Rac8 24. h4 Qg7 25. Qxg7+ Kxg7 26. h5 Rc7 27. hxg6 hxg6 28. b3 Rfc8 29. dxc5 bxc5 30. Rff1 Bb2 31. Rb1 Ba3 32. Kf2 Re7 33. g4 Rce8 34. gxf5 Rxe3 35. Rfd1 gxf5 36. Ng3 Kf6 37. Re1 Rxe1 38. Rxe1 Rxe1 39. Kxe1 Bc8 40. Kd2 Bb4+ 41. Ke3 Ba5 42. a3 Bb6 43. Kf3 a5 44. a4 Bc7 45. Nh5+ Kg6 46. Ng3 d4 47. Ne2 Bb7+ 48. Kg3 Be4 49. Bc4 d3 50. Nc3 Bd8 51. Nxe4 fxe4 52. Kg4 Kf6 53. Bb5 Ke6 54. Bc4+ Kd6 55. Kf5 d2 56. Be2 Kd5 57. Bd1 Kd4 58. Ke6 Kd3 0-1

[Event "Montreal CC-ch"]
[Site "Montreal CAN"]
[Date "2017.06.11"]
[Round "4.1"]
[White "Bolduc, Steve"]
[Black "Yu, Zong Yang"]
[Result "1/2-1/2"]
[WhiteElo "2272"]
[BlackElo "2463"]
[PlyCount "92"]
[GameId "2160767908411203"]
[EventDate "2017.06.09"]
[EventType "swiss"]
[EventRounds "5"]
[EventCountry "CAN"]
[SourceTitle "EXT 2022"]
[Source "ChessBase"]
[SourceDate "2021.10.06"]
[SourceVersion "1"]
[SourceVersionDate "2021.10.06"]
[SourceQuality "1"]

1. d4 Nf6 2. Bg5 Ne4 3. Bf4 d5 4. e3 c5 5. Nf3 Nc6 6. c3 Qb6 7. Qc1 Bf5 8. Nbd2 e6 9. Nxe4 Bxe4 10. Be2 Be7 11. O-O O-O 12. Ne5 Rfd8 13. f3 Bf5 14. g4 Nxe5 15. gxf5 Nd7 16. Bd3 Bf6 17. fxe6 Qxe6 18. Qc2 g6 19. Rae1 Bh4 20. Bg3 Bxg3 21. hxg3 c4 22. Be2 Qxe3+ 23. Kg2 Qg5 24. f4 Qf6 25. Bf3 Qd6 26. Re3 Re8 27. Rfe1 Rxe3 28. Rxe3 b5 29. Qe2 Kf8 30. Kf1 Rb8 31. Qg2 b4 32. Bxd5 bxc3 33. bxc3 Nb6 34. Bf3 Na4 35. Bd1 Nb2 36. Bc2 Nd3 37. Qe4 Qd7 38. f5 Rb2 39. Bxd3 cxd3 40. Qe5 Qxf5+ 41. Qxf5 gxf5 42. Rxd3 Rxa2 43. c4 Rc2 44. c5 Ke7 45. Ra3 Ke6 46. Rxa7 Kd5 1/2-1/2

[Event "Montreal CC-ch"]
[Site "Montreal CAN"]
[Date "2017.06.11"]
[Round "5.3"]
[White "Ouellet, Maili-Jade"]
[Black "Bolduc, Steve"]
[Result "1/2-1/2"]
[WhiteElo "2194"]
[BlackElo "2272"]
[PlyCount "39"]
[GameId "2160767908411217"]
[EventDate "2017.06.09"]
[EventType "swiss"]
[EventRounds "5"]
[EventCountry "CAN"]
[SourceTitle "EXT 2022"]
[Source "ChessBase"]
[SourceDate "2021.10.06"]
[SourceVersion "1"]
[SourceVersionDate "2021.10.06"]
[SourceQuality "1"]

1. d4 Nf6 2. c4 e6 3. Nc3 Bb4 4. Qc2 O-O 5. a3 Bxc3+ 6. Qxc3 d6 7. Bg5 Nc6 8. e3 e5 9. Bd3 h6 10. Bxf6 Qxf6 11. d5 Ne7 12. Ne2 Bf5 13. O-O Bxd3 14. Qxd3 Qg6 15. Qxg6 Nxg6 16. b4 Rae8 17. Rac1 f5 18. c5 dxc5 19. Rxc5 Re7 20. Rfc1 1/2-1/2

[Event "Choc des Generations"]
[Site "Montreal CAN"]
[Date "2017.04.07"]
[Round "1.5"]
[White "Bolduc, Steve"]
[Black "Yu, Zong Yang"]
[Result "1/2-1/2"]
[WhiteElo "2192"]
[BlackElo "2380"]
[PlyCount "80"]
[GameId "2160767908412175"]
[EventDate "2017.04.07"]
[EventType "schev"]
[EventRounds "5"]
[EventCountry "CAN"]
[SourceTitle "EXT 2022"]
[Source "ChessBase"]
[SourceDate "2021.10.06"]
[SourceVersion "1"]
[SourceVersionDate "2021.10.06"]
[SourceQuality "1"]

1. e4 c5 2. b3 d6 3. Bb2 a6 4. a4 Nc6 5. f4 Nf6 6. e5 Nd5 7. Qf3 Ndb4 8. Na3 Bf5 9. c3 Nc2+ 10. Nxc2 Bxc2 11. Bc4 e6 12. exd6 Bxd6 13. Rc1 Bg6 14. Ne2 Na5 15. O-O Qb6 16. Ba1 Qc6 17. Qxc6+ Nxc6 18. g4 O-O-O 19. b4 Bc7 20. d4 cxb4 21. cxb4 Nxb4 22. f5 exf5 23. gxf5 Bh5 24. Ng3 Bg4 25. Bxf7 Kb8 26. Rc4 Nd5 27. Rc5 Ne3 28. Re1 Bxg3 29. hxg3 Nxf5 30. d5 h5 31. Be5+ Ka8 32. Rc7 Bf3 33. Be6 Rhf8 34. Rb1 Bxd5 35. Bxd5 Rxd5 36. Rbxb7 Rxe5 37. Ra7+ Kb8 38. Rab7+ Ka8 39. Ra7+ Kb8 40. Rab7+ Ka8 1/2-1/2

[Event "Choc des Generations"]
[Site "Montreal CAN"]
[Date "2017.04.08"]
[Round "3.5"]
[White "Durette, Francis"]
[Black "Bolduc, Steve"]
[Result "1/2-1/2"]
[WhiteElo "2044"]
[BlackElo "2192"]
[PlyCount "64"]
[GameId "2160767908412182"]
[EventDate "2017.04.07"]
[EventType "schev"]
[EventRounds "5"]
[EventCountry "CAN"]
[SourceTitle "EXT 2022"]
[Source "ChessBase"]
[SourceDate "2021.10.06"]
[SourceVersion "1"]
[SourceVersionDate "2021.10.06"]
[SourceQuality "1"]

1. e4 Nf6 2. e5 Nd5 3. d4 Nb6 4. c4 d6 5. Nf3 g6 6. exd6 cxd6 7. Nc3 Bg7 8. Be2 O-O 9. O-O Bg4 10. Be3 Nc6 11. b3 d5 12. c5 Nc8 13. h3 Bxf3 14. Bxf3 e6 15. b4 N8e7 16. Rb1 Nf5 17. Ne2 Nh4 18. Qd2 Nxf3+ 19. gxf3 e5 20. f4 e4 21. a4 Qd7 22. Kh2 Ne7 23. b5 Nf5 24. Qc3 Rfc8 25. Rfc1 b6 26. c6 Qe7 27. Kh1 Rd8 28. a5 Nh4 29. axb6 axb6 30. Ra1 Nf3 31. Ng1 Bh6 32. Nxf3 exf3 1/2-1/2

[Event "Choc des Generations"]
[Site "Montreal CAN"]
[Date "2017.04.09"]
[Round "5.5"]
[White "Bolduc, Steve"]
[Black "Ouellet, Maili-Jade"]
[Result "1-0"]
[WhiteElo "2192"]
[BlackElo "1986"]
[PlyCount "97"]
[GameId "2160767908412192"]
[EventDate "2017.04.07"]
[EventType "schev"]
[EventRounds "5"]
[EventCountry "CAN"]
[SourceTitle "hb 2017"]

1. d4 d5 2. Bg5 h6 3. Bh4 c6 4. Nf3 Qb6 5. Qc1 Bf5 6. e3 Nd7 7. Be2 Ngf6 8. O-O e6 9. c4 Be7 10. Nc3 g5 11. Bg3 Ne4 12. Nxe4 Bxe4 13. Nd2 Bg6 14. c5 Qd8 15. b4 O-O 16. f3 f5 17. Bd3 Bf6 18. Qc2 Bg7 19. Bd6 Rf7 20. g4 Qf6 21. Nb3 e5 22. Rad1 Re8 23. gxf5 Bxf5 24. Bxf5 Qxf5 25. Qxf5 Rxf5 26. Na5 exd4 27. exd4 Re3 28. Nxb7 Rfxf3 29. Rxf3 Rxf3 30. b5 cxb5 31. c6 Nb6 32. Bc5 Rf7 33. Re1 Rc7 34. Re6 Rc8 35. Kf2 Rc7 36. Ke3 Kh7 37. Kd3 Rc8 38. Kc3 Na4+ 39. Kb4 a6 40. Ka5 Kg8 41. Kxa6 Ra8+ 42. Kxb5 Nc3+ 43. Kb6 Na4+ 44. Kc7 Nxc5 45. dxc5 d4 46. Kd7 d3 47. Rd6 Be5 48. Rxd3 Bxh2 49. Nd6 1-0

[Event "Trois-Riveres op"]
[Site "Trois-Rivieres CAN"]
[Date "2017.03.17"]
[Round "1.8"]
[White "Turcotte, Jonathan"]
[Black "Bolduc, Steve"]
[Result "0-1"]
[WhiteElo "2061"]
[BlackElo "2242"]
[PlyCount "66"]
[GameId "2160767908478101"]
[EventDate "2017.03.17"]
[EventType "swiss"]
[EventRounds "5"]
[EventCountry "CAN"]
[SourceTitle "hb 2017"]

1. d4 Nf6 2. c4 e6 3. Nf3 b6 4. g3 Ba6 5. b3 Bb7 6. Bg2 Bb4+ 7. Bd2 a5 8. a3 Be7 9. O-O O-O 10. Bf4 Ne4 11. Nfd2 f5 12. Qc2 Nxd2 13. Bxb7 Ra7 14. Nxd2 Rxb7 15. Nf3 g5 16. Bc1 g4 17. Ne5 Bf6 18. Bb2 c5 19. e3 Qc7 20. Nd3 cxd4 21. exd4 b5 22. Nc5 Rb6 23. cxb5 Rxb5 24. Qc4 Rxc5 25. dxc5 Bxb2 26. Ra2 Bf6 27. b4 Nc6 28. b5 Ne5 29. Qc1 Rc8 30. Rc2 Qb7 31. a4 Qe4 32. f4 gxf3 33. Re1 Qd4+ 0-1

[Event "Trois-Riveres op"]
[Site "Trois-Rivieres CAN"]
[Date "2017.03.18"]
[Round "3.5"]
[White "Luksza, Arkadiusz"]
[Black "Bolduc, Steve"]
[Result "1/2-1/2"]
[WhiteElo "2178"]
[BlackElo "2242"]
[PlyCount "96"]
[GameId "2160767908478125"]
[EventDate "2017.03.17"]
[EventType "swiss"]
[EventRounds "5"]
[EventCountry "CAN"]
[SourceTitle "hb 2017"]

1. Nf3 Nf6 2. g3 b6 3. Bg2 Bb7 4. O-O e6 5. c4 c5 6. Nc3 Be7 7. Re1 O-O 8. e4 d6 9. d4 cxd4 10. Nxd4 Qc8 11. b3 a6 12. Bb2 Nbd7 13. Rc1 Rd8 14. h3 Ne5 15. Kh2 Re8 16. Qd2 h5 17. f4 Ng6 18. Nf3 Qc7 19. f5 Nf8 20. fxe6 fxe6 21. Nd4 Rad8 22. Qe2 h4 23. g4 Nxe4 24. Nxe4 d5+ 25. Kh1 dxe4 26. Bxe4 Bf6 27. Rcd1 Rd7 28. Qg2 Bxe4 29. Qxe4 Qd6 30. g5 Bxg5 31. Nf3 Qxd1 32. Rxd1 Rxd1+ 33. Kg2 Red8 34. Bd4 Bf6 35. Bxf6 gxf6 36. Qxh4 Kf7 37. Qh5+ Kg7 38. h4 Rc1 39. Qg4+ Kf7 40. Qe4 Rc3 41. h5 Rdd3 42. Ne1 Rd2+ 43. Kf1 Rc1 44. Qb7+ Nd7 45. h6 Rdd1 46. Kf2 Rxe1 47. Qxd7+ Kg6 48. Qg7+ Kf5 1/2-1/2

[Event "Carnaval"]
[Site "Quebec CAN"]
[Date "2017.02.19"]
[Round "5"]
[White "Berube, Antoine"]
[Black "Bolduc, Steve"]
[Result "0-1"]
[Annotator "Boutin,Jean-roger"]
[WhiteElo "2239"]
[BlackElo "2223"]
[PlyCount "76"]
[GameId "2160767739706427"]
[EventDate "2017.02.17"]
[EventType "swiss"]
[EventRounds "5"]
[EventCountry "CAN"]
[TimeControl "900+2"]

1. d4 Nf6 2. c4 e6 3. Nf3 b6 4. a3 Ba6 5. Qc2 d5 6. e3 Be7 7. b4 O-O 8. Bb2 c5 9. dxc5 bxc5 10. b5 Bb7 11. Nbd2 a6 12. a4 axb5 13. axb5 Rxa1+ 14. Bxa1 Nbd7 15. Be2 dxc4 16. Nxc4 Nb6 17. O-O Be4 18. Qc3 Nxc4 19. Qxc4 Qa8 20. Bb2 Qb7 21. Ra1 Rc8 22. Ne1 Bd5 23. Qa4 c4 24. Bd4 Nd7 25. Qa6 e5 26. Qxb7 Bxb7 27. Bc3 Bc5 28. Bg4 Rc7 29. Rd1 Bc8 30. Bxe5 Nxe5 31. Rd8+ Bf8 32. Bxc8 Nd3 33. Kf1 Rc5 34. Bd7 Rd5 35. b6 Nc5 36. Rc8 Rxd7 37. Rc7 Rd8 38. b7 Rb8 0-1

[Event "Montcalm op"]
[Site "Quebec CAN"]
[Date "2017.01.06"]
[Round "1"]
[White "Bolduc, Steve"]
[Black "Garcia-Casillas, Carlos"]
[Result "1-0"]
[WhiteElo "2267"]
[BlackElo "1808"]
[PlyCount "99"]
[GameId "2160767908474998"]
[EventDate "2017.01.06"]
[EventType "swiss"]
[EventRounds "5"]
[EventCountry "CAN"]
[SourceTitle "EXT 2022"]
[Source "ChessBase"]
[SourceDate "2021.10.06"]
[SourceVersion "1"]
[SourceVersionDate "2021.10.06"]
[SourceQuality "1"]

1. d4 Nf6 2. Bg5 g6 3. Bxf6 exf6 4. e3 Bg7 5. g3 d6 6. Bg2 Nd7 7. Ne2 f5 8. Nd2 O-O 9. O-O c6 10. c4 Nf6 11. b4 Qe7 12. b5 Ne4 13. Qc2 Re8 14. Rae1 h5 15. Nc3 Nxc3 16. Qxc3 c5 17. Qc1 Rb8 18. Nb3 b6 19. e4 f4 20. e5 fxg3 21. hxg3 Bf5 22. exd6 Qxd6 23. dxc5 bxc5 24. Bc6 Rxe1 25. Rxe1 Rd8 26. Bd5 Bd4 27. Qg5 Bg4 28. Kg2 Kg7 29. Qe7 Qf6 30. Qxf6+ Kxf6 31. f3 Bf5 32. Nxd4 cxd4 33. Rd1 d3 34. Kf2 Ke5 35. Ke3 f6 36. a4 Kd6 37. Kd4 Kc7 38. a5 g5 39. Kc5 h4 40. gxh4 gxh4 41. b6+ axb6+ 42. axb6+ Kb8 43. Ra1 Rxd5+ 44. Kxd5 h3 45. Kd4 Kb7 46. c5 Kc6 47. Ke3 Bc8 48. Kxd3 Bb7 49. Kd4 Kb5 50. Rh1 1-0

[Event "Montcalm op"]
[Site "Quebec CAN"]
[Date "2017.01.06"]
[Round "2"]
[White "Pare, Marc"]
[Black "Bolduc, Steve"]
[Result "1-0"]
[WhiteElo "1946"]
[BlackElo "2267"]
[PlyCount "139"]
[GameId "2160767908475011"]
[EventDate "2017.01.06"]
[EventType "swiss"]
[EventRounds "5"]
[EventCountry "CAN"]
[SourceTitle "EXT 2022"]
[Source "ChessBase"]
[SourceDate "2021.10.06"]
[SourceVersion "1"]
[SourceVersionDate "2021.10.06"]
[SourceQuality "1"]

1. e4 c5 2. c3 Nf6 3. e5 Nd5 4. d4 cxd4 5. Qxd4 e6 6. Bc4 Nc6 7. Qe4 Nb6 8. Bb3 d5 9. Qe2 Be7 10. Nf3 Qc7 11. O-O h6 12. Bf4 g5 13. Bg3 Bd7 14. Nbd2 h5 15. h3 a6 16. c4 dxc4 17. Bxc4 O-O-O 18. Rac1 Rdg8 19. Ne4 g4 20. hxg4 Rxg4 21. Nd6+ Kb8 22. Nxf7 Rh7 23. Nd6 Rhg7 24. Nh2 R4g5 25. Nf3 R5g6 26. Bd3 h4 27. Bxg6 hxg3 28. Ne8 Bxe8 29. Bxe8 Nd7 30. Bxd7 Qxd7 31. Rfd1 Qe8 32. Nd4 Nxd4 33. Rxd4 Qg6 34. Rdc4 Rg8 35. b4 Bd8 36. Rc8+ Ka7 37. Rxd8 Rxd8 38. Qe3+ Kb8 39. Qxg3 Qxg3 40. fxg3 Rd2 41. a4 Rb2 42. Rc4 b5 43. axb5 axb5 44. Re4 Kc7 45. g4 Kc6 46. Rd4 Re2 47. Rd6+ Kc7 48. Rxe6 Re4 49. g5 Rxb4 50. Kf2 Rg4 51. g6 b4 52. Ra6 b3 53. Ra3 Rxg6 54. Rxb3 Rg5 55. Re3 Kd7 56. Kf3 Ke6 57. g3 Rg8 58. g4 Rg5 59. Kf4 Rg8 60. g5 Rf8+ 61. Kg4 Rf1 62. Kh5 Kf5 63. Kh6 Ke6 64. g6 Rf2 65. Kg7 Ra2 66. Rf3 Kxe5 67. Kg8 Ke6 68. g7 Ra7 69. Rh3 Kf6 70. Kh8 1-0

[Event "Montcalm op"]
[Site "Quebec CAN"]
[Date "2017.01.07"]
[Round "3"]
[White "Bolduc, Steve"]
[Black "Tremblay, Charles"]
[Result "1-0"]
[WhiteElo "2267"]
[BlackElo "1663"]
[PlyCount "29"]
[GameId "2160767908475018"]
[EventDate "2017.01.06"]
[EventType "swiss"]
[EventRounds "5"]
[EventCountry "CAN"]
[SourceTitle "EXT 2022"]
[Source "ChessBase"]
[SourceDate "2021.10.06"]
[SourceVersion "1"]
[SourceVersionDate "2021.10.06"]
[SourceQuality "1"]

1. d4 d5 2. Bg5 Nd7 3. Nc3 Ngf6 4. f3 e6 5. e4 h6 6. Bh4 dxe4 7. fxe4 g5 8. Bg3 Bb4 9. Bd3 b6 10. Nge2 Bb7 11. O-O Nh5 12. a3 Nxg3 13. Nxg3 Bxc3 14. bxc3 Nf6 15. Qf3 1-0

[Event "Montcalm op"]
[Site "Quebec CAN"]
[Date "2017.01.07"]
[Round "4"]
[White "Sarra-Bournet, Marc"]
[Black "Bolduc, Steve"]
[Result "0-1"]
[WhiteElo "1853"]
[BlackElo "2267"]
[PlyCount "78"]
[GameId "2160767908475031"]
[EventDate "2017.01.06"]
[EventType "swiss"]
[EventRounds "5"]
[EventCountry "CAN"]
[SourceTitle "EXT 2022"]
[Source "ChessBase"]
[SourceDate "2021.10.06"]
[SourceVersion "1"]
[SourceVersionDate "2021.10.06"]
[SourceQuality "1"]

1. e4 Nf6 2. e5 Nd5 3. d4 d6 4. c4 Nb6 5. f4 dxe5 6. fxe5 c5 7. d5 g6 8. Bf4 Bg7 9. Nc3 O-O 10. Bd3 e6 11. d6 Nc6 12. Nf3 f6 13. exf6 Bxf6 14. Bg3 e5 15. Ne4 Bg4 16. Be2 Bxf3 17. Bxf3 Nd4 18. O-O Bg7 19. Rc1 Rc8 20. Rc3 Kh8 21. b3 Qd7 22. Bh4 Nf5 23. Bg4 Qc6 24. Bxf5 Rxf5 25. Rxf5 Qxe4 26. d7 Nxd7 27. Qxd7 Qxf5 28. Rd3 e4 29. Qxf5 gxf5 30. Rd7 Re8 31. Kf1 b6 32. Rxa7 Be5 33. Rb7 Re6 34. h3 f4 35. Bd8 e3 36. Rxb6 Bd6 37. Bc7 f3 38. Rxd6 e2+ 39. Ke1 f2+ 0-1

[Event "Montcalm op"]
[Site "Quebec CAN"]
[Date "2017.01.08"]
[Round "5"]
[White "Bolduc, Steve"]
[Black "Berube, Antoine"]
[Result "0-1"]
[WhiteElo "2267"]
[BlackElo "2153"]
[PlyCount "70"]
[GameId "2160767908475038"]
[EventDate "2017.01.06"]
[EventType "swiss"]
[EventRounds "5"]
[EventCountry "CAN"]
[SourceTitle "EXT 2022"]
[Source "ChessBase"]
[SourceDate "2021.10.06"]
[SourceVersion "1"]
[SourceVersionDate "2021.10.06"]
[SourceQuality "1"]

1. d4 d5 2. Bg5 h6 3. Bh4 c6 4. Nf3 Qb6 5. Qc1 Bf5 6. e3 e6 7. Be2 Nd7 8. O-O Be7 9. Bg3 Ngf6 10. Ne5 Nxe5 11. Bxe5 O-O 12. c4 dxc4 13. Nd2 Rac8 14. Nxc4 Qd8 15. f3 b5 16. e4 Bh7 17. Ne3 c5 18. d5 exd5 19. Bxf6 Bxf6 20. Nxd5 Bd4+ 21. Kh1 f5 22. Bd3 fxe4 23. fxe4 Qh4 24. Rf4 Rxf4 25. Qxf4 Qxf4 26. Nxf4 c4 27. Nd5 Kf7 28. Bc2 Ke6 29. Rf1 Bxb2 30. Rb1 c3 31. Nf4+ Ke5 32. Nd3+ Kd4 33. Rd1 Ke3 34. e5 Ba3 35. h3 Rd8 0-1

[Event "Varennes"]
[Site "Varennes CAN"]
[Date "2016.10.07"]
[Round "1.6"]
[White "Bolduc, Steve"]
[Black "Trahan, Daniel"]
[Result "1/2-1/2"]
[WhiteElo "2311"]
[BlackElo "2072"]
[PlyCount "57"]
[GameId "2160767908554151"]
[EventDate "2016.10.07"]
[EventType "swiss"]
[EventRounds "5"]
[EventCountry "CAN"]
[SourceTitle "hb 2016"]

1. d4 Nf6 2. Bg5 e6 3. e4 h6 4. Bxf6 Qxf6 5. c3 d6 6. Nd2 Nd7 7. Bd3 g6 8. Ne2 Bg7 9. O-O O-O 10. f4 Qe7 11. Qe1 Kh7 12. Qg3 f5 13. Rae1 Qf7 14. Qf3 Rb8 15. g4 Nb6 16. gxf5 exf5 17. Ng3 Bd7 18. b3 fxe4 19. Bxe4 Bc6 20. f5 Bxe4 21. Ndxe4 gxf5 22. Nxf5 Rbe8 23. Neg3 Nd5 24. c4 Ne7 25. Qd3 Nxf5 26. Rxe8 Rxe8 27. Rxf5 Qg6 28. Kg2 Rf8 29. Rf3 1/2-1/2

[Event "Varennes"]
[Site "Varennes CAN"]
[Date "2016.10.08"]
[Round "2.8"]
[White "Leger, Manon"]
[Black "Bolduc, Steve"]
[Result "0-1"]
[WhiteElo "1883"]
[BlackElo "2311"]
[PlyCount "134"]
[GameId "2160767908554166"]
[EventDate "2016.10.07"]
[EventType "swiss"]
[EventRounds "5"]
[EventCountry "CAN"]
[SourceTitle "hb 2016"]

1. e4 e5 2. Nf3 Nf6 3. Nxe5 d6 4. Nf3 Nxe4 5. d4 d5 6. Bd3 Nc6 7. c3 Bg4 8. h3 Bh5 9. O-O Be7 10. Bf4 O-O 11. Nbd2 f5 12. Qb3 Na5 13. Qc2 Nc6 14. Ne5 Bg5 15. Bxg5 Qxg5 16. Ndf3 Bxf3 17. Nxf3 Qf4 18. Qb3 Qd6 19. Rfe1 Kh8 20. Re2 b6 21. Bb5 Na5 22. Qc2 a6 23. Bd3 c5 24. Ne5 c4 25. Bxe4 fxe4 26. Rf1 Nc6 27. Nxc6 Qxc6 28. Re3 Rf4 29. b3 b5 30. bxc4 bxc4 31. Rb1 Raf8 32. Re2 h6 33. Rb4 Qg6 34. Qb2 e3 35. Rxe3 Rxf2 36. Qxf2 Rxf2 37. Kxf2 Qc2+ 38. Kf3 Qxa2 39. Rb8+ Kh7 40. Ra8 a5 41. g4 Qh2 42. Rxa5 Qxh3+ 43. Kf2 Qxg4 44. Rxd5 Qf4+ 45. Rf3 Qh2+ 46. Ke3 Qc2 47. Kf4 Qh2+ 48. Ke3 Qc2 49. Kf4 g5+ 50. Kg3 Kg6 51. Rc5 Qd1 52. Rc6+ Kh5 53. Kg2 Qe2+ 54. Kg3 Qe1+ 55. Kg2 Qe4 56. Rc5 Kg4 57. Rcf5 Qxf5 58. Rxf5 Kxf5 59. Kf3 h5 60. Kg3 h4+ 61. Kh3 Kf4 62. Kg2 g4 63. Kh2 g3+ 64. Kg2 Kg4 65. Kf1 h3 66. Kg1 g2 67. Kf2 Kf4 0-1